Central Library OPAC University of Rajshahi

Zoo search in Ceylon : (Record no. 73885)

MARC details
000 -LEADER
fixed length control field 00993nam a2200265 a 4500
001 - CONTROL NUMBER
control field 73885
003 - CONTROL NUMBER IDENTIFIER
rucl marc code BD-RjUL
005 - DATE AND TIME OF LATEST TRANSACTION
control field 20211209082446.0
008 - FIXED-LENGTH DATA ELEMENTS--GENERAL INFORMATION
fixed length control field 170614s1958 enka 000 0 eng d
035 ## - SYSTEM CONTROL NUMBER
System control number (BD-RjUL)74103
040 ## - CATALOGING SOURCE
Original cataloging agency ABC
Transcribing agency ABC
Modifying agency UKM
-- EQO
-- BD-RjUL
Language of cataloging eng
041 ## - LANGUAGE CODE
Language code of text/sound track or separate title eng
082 04 - DEWEY DECIMAL CLASSIFICATION NUMBER
Edition number 23
Classification number 591.5
Author mark and year RAZ 1958
090 ## - LOCALLY ASSIGNED LC-TYPE CALL NUMBER (OCLC); LOCAL CALL NUMBER (OCLC)
Classification number (OCLC) (R) ; Classification number, CALL (RLIN) (NR) QL62
Local cutter number (OCLC) ; Book number/undivided call number, CALL (RLIN) .R313 1958b
100 1# - MAIN ENTRY--PERSONAL NAME
Personal name Randow, Heinz.
9 (RLIN) 218822
245 10 - TITLE STATEMENT
Title Zoo search in Ceylon :
Remainder of title capturing rare creatures in Ceylon's jungles and swamps /
Statement of responsibility, etc. Heinz Randow ; Translated by Charles Johnson ; illustrated by Heiner Rothfuchs.
260 ## - PUBLICATION, DISTRIBUTION, ETC. (IMPRINT)
Place of publication, distribution, etc. London :
Name of publisher, distributor, etc. G.G. Harrap,
Date of publication, distribution, etc. c1958.
300 ## - PHYSICAL DESCRIPTION
Pagination 208 p. :
Illustrations ill. ;
Size 22 cm.
500 ## - GENERAL NOTE
General note Translation of Auf Tierfang in Ceylons Dschungeln und Gewässern.
General note American ed. has title: Zoo hunt in Ceylon.
650 #0 - SUBJECT ADDED ENTRY--TOPICAL TERM
Topical term or geographic name as entry element Animal behavior.
9 (RLIN) 218823
Topical term or geographic name as entry element Zoological specimens
General subdivision Collection and preservation.
9 (RLIN) 218824
651 #0 - SUBJECT ADDED ENTRY--GEOGRAPHIC NAME
Geographic name Sri Lanka
General subdivision Description and travel.
9 (RLIN) 218825
942 ## - ADDED ENTRY ELEMENTS (KOHA)
Source of classification or shelving scheme Dewey Decimal Classification
Koha item type Books
Holdings
Lost status Source of classification or shelving scheme Damaged status Not for loan Collection code Permanent Location Current Location Shelving location Date acquired Source of acquisition Total Checkouts Full call number Date last seen Copy number Koha item type
  Dewey Decimal Classification   Not For Loan Non-fiction Central Library, University of Rajshahi Central Library, University of Rajshahi Reading Room 05/09/1959 Zeitlinger   591.5 RAZ 1958 14/06/2017 C-1 Books